logo

Bir Sreshtho Munshi Abdur Rouf Library
Jhenaidah Cadet College

The "New Imperialism" Analysis of Late Nineteenth-Century Expansion / (Record no. 7763)

MARC details
000 -LEADER
fixed length control field 00618nam a22002177a 4500
001 - CONTROL NUMBER
JCCL Control Number 7763
003 - CONTROL NUMBER IDENTIFIER
JCCL marc code BD-JhCC
005 - DATE AND TIME OF LATEST TRANSACTION
control field 20180213174039.0
008 - FIXED-LENGTH DATA ELEMENTS--GENERAL INFORMATION
fixed length control field 180213s1961 cn |||| |||| 000 0 eng d
035 ## - SYSTEM CONTROL NUMBER
system control number (BD-JhCC)
040 ## - CATALOGING SOURCE
Original cataloging agency BD-JhCC
Modifying agency BD-JhCC
041 ## - LANGUAGE CODE
Language code of Book eng
082 ## - DEWEY DECIMAL CLASSIFICATION NUMBER
Classification number 973.93
Author mark and Year WRI 1961
100 ## - MAIN ENTRY--PERSONAL NAME
Personal name Wright, Harrison M.
245 ## - TITLE STATEMENT
Title The "New Imperialism" Analysis of Late Nineteenth-Century Expansion /
Statement of responsibility, etc Clinton F. Schonberger
260 ## - PUBLICATION, DISTRIBUTION, ETC. (IMPRINT)
Place of publication, distribution, etc Canada:
Name of publisher, distributor, etc D. C. Heath and Company;
Date of publication, distribution, etc 1961
300 ## - PHYSICAL DESCRIPTION
Pagination 110 p;,
Dimensions 24 cm
650 ## - SUBJECT ADDED ENTRY--TOPICAL TERM
Topical term or geographic name as entry element Diplomatic relations
650 ## - SUBJECT ADDED ENTRY--TOPICAL TERM
Topical term or geographic name as entry element Politics and government
942 ## - ADDED ENTRY ELEMENTS (KOHA)
Source of classification or shelving scheme Dewey Decimal Classification
Koha item type Books
Holdings
Source of classification or shelving scheme Damaged status Not for loan Home library Current library Shelving location Total Checkouts Full call number Barcode Date last seen Copy number Koha item type
Dewey Decimal Classification     JCC Rouf Library JCC Rouf Library General Stacks   973.93 WRI 1961 10033 02/13/2018 C-1 Books

JCC Library | Contacts | JCC Home

Last Update on 23 September 2017
Copyright @ 2017-2020 JCC Rouf Library
Rouf Library, Jhenidah Cadet College (JCC), Bangladesh